NHL Top Goal Scorers 2024-25 - Statistics

General Stats
  • This quiz has been taken 55 times
  • The average score is 24 of 46
Answer Stats
Team GP Goals Player % Correct
Washington Capitals 65 44 Alex Ovechkin
98%
Edmonton Oilers 71 52 Leon Draisaitl
98%
Toronto Maple Leafs 82 45 William Nylander
93%
Boston Bruins 82 43 David Pastrnak
91%
Florida Panthers 79 39 Sam Reinhart
86%
New York Rangers 80 37 Artemi Panarin
84%
Tampa Bay Lightning 77 42 Brayden Point
84%
Winnipeg Jets 82 41 Kyle Connor
84%
Buffalo Sabres 76 44 Tage Thompson
84%
Montreal Canadiens 82 37 Cole Caufield
79%
Tampa Bay Lightning 78 37 Nikita Kucherov
77%
Toronto Maple Leafs 75 38 John Tavares
74%
Winnipeg Jets 82 39 Mark Scheifele
74%
Detroit Red Wings 82 39 Alex DeBrincat
67%
Tampa Bay Lightning 80 41 Jake Guentzel
67%
Toronto Maple Leafs 67 33 Auston Matthews
65%
Dallas Stars 82 35 Jason Robertson
65%
Pittsburgh Penguins 80 33 Sidney Crosby
65%
Colorado Avalanche 79 32 Nathan MacKinnon
58%
New Jersey Devils 75 35 Nico Hischier
58%
Tampa Bay Lightning 82 35 Brandon Hagel
56%
Los Angeles Kings 81 35 Adrian Kempe
53%
St. Louis Blues 82 36 Jordan Kyrou
53%
Calgary Flames 82 35 Nazem Kadri
51%
Los Angeles Kings 81 35 Kevin Fiala
47%
Buffalo Sabres 82 36 Alex Tuch
44%
Dallas Stars 82 33 Wyatt Johnston
42%
Nashville Predators 82 31 Filip Forsberg
40%
Boston Bruins 77 33 Morgan Geekie
40%
Montreal Canadiens 82 30 Nick Suzuki
37%
Washington Capitals 81 33 Tom Wilson
37%
Utah Mammoth 81 30 Clayton Keller
33%
Pittsburgh Penguins 81 35 Rickard Rakell
33%
Colorado Avalanche 80 30 Cale Makar
30%
Dallas Stars 82 32 Mikko Rantanen
30%
Carolina Hurricanes 73 32 Seth Jarvis
30%
Pittsburgh Penguins 71 31 Bryan Rust
28%
Columbus Blue Jackets 79 31 Kirill Marchenko
28%
Detroit Red Wings 82 30 Dylan Larkin
26%
Vegas Golden Knights 82 35 Pavel Dorofeyev
23%
Vegas Golden Knights 73 32 Tomas Hertl
23%
Columbus Blue Jackets 82 31 Adam Fantilli
21%
Chicago Blackhawks 80 31 Ryan Donato
21%
San Jose Sharks 78 30 Tyler Toffoli
19%
Washington Capitals 76 30 Aliaksei Protas
14%
Dallas Stars 82 30 Matt Duchene
14%
No matching quizzes found
Score Distribution
Percent of People with Each Score
Percentile by Number Answered
Your Score History
You have not taken this quiz